000 01166nam a2200289 a 4500
001 000002662
003 DO-SdBNP
005 20220705110723.0
008 090703s1994 dr a 000 0 spa d
040 _aDO-SdBNP
_bspa
_cBNPHU
082 4 _a305.42097293
_bM385a
_222
100 1 _aMartínez, Lusitania
_98400
245 1 0 _aActitudes femeninas frente a los oficios no tradicionales /
_cLusitania Martínez ; edición Bolivar R. Sánchez Veloz, José Rafael Sosa.
260 _aSanto Domingo :
_bCE-MUJER,
_c1994.
300 _a204 p. :
_bil. ;
_c21 cm.
500 _aIncluye referencias bibliográficas y notas al pie de las páginas.
504 _aBibliografia : p. 191-204
590 _aInventariado, 2018/MFF
650 4 _aEducación de la mujer
_zRepública Dominicana
_98402
650 0 _aMujeres en República Dominicana
_92066
651 4 _aTrabajo de la mujer
_zRepública Dominicana
_98401
700 1 _aSánchez Veloz, Bolívar R.,
_eed.
_98403
700 1 _aSosa, Rafael,
_eed.
_98404
710 1 _aRepública Dominicana. Centro de Solidariedad para el Desarrollo de la Mujer
_98405
910 _aValidado. Control de calidad MFF
942 _2ddc
_cLBS1
999 _c2498
_d2498